000
00272nam a2200121 4500
003
OSt
008
231108b |||||||| |||| 00| 0 eng d
041
_a
hin
082
_a
891.54
_b
LAK/HA
100
_a
Sasthri, Lakshmiram
_9
5571
245
_a
Hmare samskar suthr
942
_c
BK
999
_c
17779
_d
17779